[Event "Paul Keres mem. (49th)"]
[Site "Langley CAN"]
[Date "2025.05.18"]
[Round "4.5"]
[White "Morozov, Grigorii"]
[Black "Wu, Nathan"]
[Result "1-0"]
[WhiteElo "2407"]
[BlackElo "2108"]
[WhiteFideId "-1"]
[WhiteFideId "-1"]
[PlyCount "132"]
[GameId "2184628932720307"]
[EventDate "2025.05.17"]
[EventType "swiss"]
[EventRounds "6"]
[EventCountry "CAN"]

1. d4 d5 2. Nf3 c5 3. dxc5 e6 4. e4 Bxc5 5. exd5 exd5 6. Be2 Nf6 7. O-O h6 8. Nbd2 O-O 9. Nb3 Bb6 10. Nbd4 Nc6 11. h3 Re8 12. Be3 Ne4 13. Re1 Nd6 14. c3 Nxd4 15. Bxd4 Bf5 16. Qb3 Nc8 17. a4 Be4 18. Bxb6 Qxb6 19. Qxb6 Nxb6 20. Nd2 Rad8 21. Bb5 Re6 22. a5 Nc8 23. Nb3 Nd6 24. Bf1 Rde8 25. Nc5 R6e7 26. a6 b6 27. Nb7 Nc8 28. Bb5 Rf8 29. f3 Bf5 30. g4 Rxe1+ 31. Rxe1 Bc2 32. Kf2 Bb3 33. f4 g6 34. Ke3 Kg7 35. Kd4 f5 36. g5 hxg5 37. fxg5 Rh8 38. Re3 Kf7 39. Ke5 Rh4 40. Nd6+ Nxd6 41. Kxd6 Re4 42. Rxe4 dxe4 43. Ke5 Bc2 44. Kf4 Bb3 45. h4 Ke7 46. Be2 Ke6 47. h5 gxh5 48. Bxh5 Bc4 49. Bg6 Bxa6 50. Bxf5+ Kd5 51. Bxe4+ Ke6 52. Bf5+ Kf7 53. Ke5 Ke7 54. b3 Kf7 55. Kd6 Be2 56. Kc6 Bd1 57. b4 Bf3+ 58. Kb5 Be2+ 59. Ka4 Bd1+ 60. Ka3 Be2 61. Bc2 Kg7 62. Kb3 b5 63. Kb2 Bc4 64. Kc1 Kf7 65. Bf5 Ke7 66. Kd2 a6 1-0

[Event "Paul Keres mem. (49th)"]
[Site "Langley CAN"]
[Date "2025.05.18"]
[Round "4.6"]
[White "Leong, Ryan"]
[Black "Yang, Henry"]
[Result "1-0"]
[WhiteElo "2179"]
[BlackElo "2008"]
[WhiteFideId "-1"]
[WhiteFideId "-1"]
[PlyCount "69"]
[GameId "2184628932720308"]
[EventDate "2025.05.17"]
[EventType "swiss"]
[EventRounds "6"]
[EventCountry "CAN"]

1. Nf3 Nf6 2. g3 d5 3. Bg2 c6 4. c4 Bg4 5. Ne5 e6 6. cxd5 exd5 7. Nxg4 Nxg4 8. e4 Nf6 9. e5 Nfd7 10. O-O Be7 11. d4 a5 12. Qg4 Kf8 13. Nc3 Na6 14. Bh3 Nb6 15. Ne2 Nc7 16. Nf4 Ne8 17. Qf3 Nc7 18. Re1 Qe8 19. Nh5 h6 20. Bf5 Bg5 21. e6 Kg8 22. h4 g6 23. Bxg5 gxh5 24. Bf6 fxe6 25. Rxe6 Nxe6 26. Re1 Rh7 27. Rxe6 Qf7 28. Bxh7+ Qxh7 29. Qxh5 Qf7 30. Qg4+ Kh7 31. Re7 Rf8 32. Rxf7+ Rxf7 33. Qf5+ Kg8 34. Qg6+ Kf8 35. Qxh6+ 1-0

[Event "Paul Keres mem. (49th)"]
[Site "Langley CAN"]
[Date "2025.05.18"]
[Round "4.7"]
[White "McCallum, Elliot"]
[Black "Wang, Ted"]
[Result "0-1"]
[WhiteElo "2032"]
[BlackElo "2173"]
[WhiteFideId "-1"]
[WhiteFideId "-1"]
[PlyCount "58"]
[GameId "2184628932720309"]
[EventDate "2025.05.17"]
[EventType "swiss"]
[EventRounds "6"]
[EventCountry "CAN"]

1. e4 c5 2. c3 Nf6 3. e5 Nd5 4. Nf3 d6 5. Bc4 Nb6 6. e6 Bxe6 7. Bxe6 fxe6 8. Ng5 Nc6 9. Nxe6 Qd7 10. Qe2 c4 11. f4 g6 12. Na3 Rc8 13. O-O Bh6 14. Nb5 a6 15. Nbd4 Nxd4 16. Nxd4 O-O 17. f5 gxf5 18. Qh5 Bg7 19. Nxf5 Rc5 20. Nh6+ Bxh6 21. Qxh6 Rxf1+ 22. Kxf1 Qg4 23. d4 cxd3 24. Be3 Rh5 25. Qf4 Rf5 26. Qxf5 Qxf5+ 27. Kg1 Nc4 28. Rf1 Qe6 29. Bd4 Nxb2 0-1

[Event "Paul Keres mem. (49th)"]
[Site "Langley CAN"]
[Date "2025.05.18"]
[Round "4.8"]
[White "Chruszcz, Zachary"]
[Black "Yao, Lucas"]
[Result "0-1"]
[WhiteElo "1851"]
[BlackElo "2115"]
[WhiteFideId "-1"]
[WhiteFideId "-1"]
[PlyCount "98"]
[GameId "2184628932720310"]
[EventDate "2025.05.17"]
[EventType "swiss"]
[EventRounds "6"]
[EventCountry "CAN"]

1. e4 e5 2. Nf3 Nc6 3. Bc4 Bc5 4. c3 Qe7 5. O-O Bb6 6. a4 Nf6 7. d3 h6 8. Nbd2 O-O 9. Re1 d6 10. h3 Bd7 11. Nf1 a6 12. Be3 Bxe3 13. Nxe3 Rad8 14. b4 Be6 15. Qb3 Bxc4 16. dxc4 Qd7 17. Nd5 Nxd5 18. cxd5 Ne7 19. b5 a5 20. b6 f5 21. Nxe5 dxe5 22. d6+ Kh7 23. bxc7 Rc8 24. dxe7 Qxe7 25. Qxb7 Rxc7 26. Qa6 Qc5 27. Qb5 Qxc3 28. Rac1 Qxc1 29. Rxc1 Rxc1+ 30. Kh2 fxe4 31. Qxe5 Rxf2 32. Qxe4+ Kh8 33. Qa8+ Kh7 34. Qxa5 Rcc2 35. Qd5 Rfd2 36. Qe4+ Kh8 37. a5 Ra2 38. Qa8+ Kh7 39. a6 Ra4 40. Qf3 Rxa6 41. Qf5+ Rg6 42. h4 Rdxg2+ 43. Kh1 R2g4 44. Qf2 h5 45. Kh2 Rg2+ 46. Qxg2 Rxg2+ 47. Kxg2 Kg6 48. Kg3 Kf5 49. Kf3 g6 0-1

[Event "Paul Keres mem. (49th)"]
[Site "Langley CAN"]
[Date "2025.05.18"]
[Round "4.9"]
[White "Taylor, Ashton"]
[Black "Lu, Aiden Hao-Ting"]
[Result "1-0"]
[WhiteElo "2091"]
[BlackElo "1812"]
[WhiteFideId "-1"]
[WhiteFideId "-1"]
[PlyCount "93"]
[GameId "2184628932720311"]
[EventDate "2025.05.17"]
[EventType "swiss"]
[EventRounds "6"]
[EventCountry "CAN"]

1. Nf3 d5 2. g3 Nf6 3. Bg2 c6 4. O-O Nbd7 5. d4 e6 6. c4 Bd6 7. Nc3 O-O 8. Re1 Re8 9. e4 dxe4 10. Ng5 h6 11. Ngxe4 Nxe4 12. Nxe4 Nf6 13. Nxd6 Qxd6 14. Bf4 Qd8 15. Be5 Bd7 16. h4 Rc8 17. g4 Nh7 18. Bg3 Qf6 19. Qd2 Rcd8 20. Re5 Nf8 21. Be4 Bc8 22. Rd1 Nd7 23. Rh5 e5 24. g5 hxg5 25. hxg5 Qe6 26. d5 cxd5 27. cxd5 Qe7 28. Kg2 g6 29. Rh6 Kg7 30. Rdh1 Rh8 31. Rxh8 Rxh8 32. Rxh8 Kxh8 33. Qc3 Qe8 34. Qc7 a6 35. b4 b5 36. d6 Kg7 37. Qc3 f6 38. gxf6+ Kxf6 39. f4 Ke6 40. fxe5 Nb6 41. Qc5 Qd8 42. d7 Bxd7 43. Qd6+ Kf7 44. e6+ Kg7 45. exd7 Nxd7 46. Qxg6+ Kf8 47. Bd6+ 1-0

[Event "Paul Keres mem. (49th)"]
[Site "Langley CAN"]
[Date "2025.05.18"]
[Round "4.10"]
[White "Gao, Justin"]
[Black "Morgan, Scott"]
[Result "1-0"]
[WhiteElo "2151"]
[BlackElo "2008"]
[WhiteFideId "-1"]
[WhiteFideId "-1"]
[PlyCount "43"]
[GameId "2184628932720312"]
[EventDate "2025.05.17"]
[EventType "swiss"]
[EventRounds "6"]
[EventCountry "CAN"]

1. e4 e5 2. Nf3 Nc6 3. Bc4 Nf6 4. d4 exd4 5. O-O Bc5 6. e5 d5 7. exf6 dxc4 8. fxg7 Rg8 9. Bg5 f6 10. Re1+ Kf7 11. Bh6 Ne7 12. Nh4 Ng6 13. Qh5 Bb6 14. Nd2 Be6 15. Rxe6 Kxe6 16. Nxg6 hxg6 17. Qxg6 Qd5 18. Re1+ Kd7 19. Ne4 Kc6 20. Nxf6 Qd6 21. Nxg8 Rxg8 22. Re6 1-0

[Event "Paul Keres mem. (49th)"]
[Site "Langley CAN"]
[Date "2025.05.19"]
[Round "5.1"]
[White "Liu, Zachary"]
[Black "Doknjas, Neil"]
[Result "1/2-1/2"]
[WhiteElo "2261"]
[BlackElo "2361"]
[WhiteFideId "-1"]
[WhiteFideId "-1"]
[PlyCount "60"]
[GameId "2184628932720313"]
[EventDate "2025.05.17"]
[EventType "swiss"]
[EventRounds "6"]
[EventCountry "CAN"]

1. e4 c5 2. Nf3 d6 3. d4 cxd4 4. Nxd4 Nf6 5. Nc3 a6 6. Bg5 Nbd7 7. Qe2 h6 8. Bh4 g6 9. f4 e5 10. fxe5 dxe5 11. O-O-O Qc7 12. Nb3 b5 13. Nd5 Nxd5 14. exd5 Bd6 15. Qd2 Kf8 16. Kb1 Kg7 17. Be2 Nb6 18. Rhf1 f5 19. Na5 Bd7 20. g4 Rhf8 21. gxf5 Bxf5 22. Bd3 Qd7 23. Nc6 Bxd3 24. Qxd3 Rxf1 25. Rxf1 Rf8 26. Rxf8 Bxf8 27. Nxe5 Qf5 28. Bg3 Qxd3 29. Nxd3 Nxd5 30. c3 Kf6 1/2-1/2

[Event "Paul Keres mem. (49th)"]
[Site "Langley CAN"]
[Date "2025.05.19"]
[Round "5.2"]
[White "Xu, Justin"]
[Black "Chen, Yidong"]
[Result "1/2-1/2"]
[WhiteElo "2237"]
[BlackElo "2240"]
[WhiteFideId "-1"]
[WhiteFideId "-1"]
[PlyCount "101"]
[GameId "2184628932720314"]
[EventDate "2025.05.17"]
[EventType "swiss"]
[EventRounds "6"]
[EventCountry "CAN"]

1. e4 c5 2. Nf3 d6 3. d4 cxd4 4. Nxd4 Nf6 5. Nc3 a6 6. Bc4 e6 7. O-O Qc7 8. Qe2 Be7 9. Be3 O-O 10. h3 b5 11. Bd3 Bb7 12. a4 b4 13. Na2 Nxe4 14. Nxb4 Nc5 15. a5 Nbd7 16. c3 Nxd3 17. Nxd3 Bf6 18. Rfe1 Rfe8 19. Qg4 g6 20. Bg5 Bg7 21. Nc2 Rac8 22. Qh4 Qc6 23. Ne3 h5 24. Qa4 Qxa4 25. Rxa4 Nc5 26. Nxc5 Rxc5 27. Bf4 e5 28. Bg3 f5 29. Rb4 Bc6 30. Bh4 d5 31. Rb6 d4 32. Nc2 dxc3 33. b4 Rc4 34. Ne3 Rxh4 35. Rxc6 Rxb4 36. Rxc3 Re6 37. Rc8+ Kh7 38. Rc7 Rd6 39. Nc4 Rd4 40. Nxe5 Re4 41. Rxe4 Rxe4 42. Nd3 Kh6 43. g3 Rd4 44. Nf4 Be5 45. Rc6 Bxf4 46. gxf4 Rxf4 47. Rxa6 Ra4 48. Kg2 Kg5 49. Ra8 Kf4 50. a6 h4 51. Rh8 1/2-1/2

[Event "Paul Keres mem. (49th)"]
[Site "Langley CAN"]
[Date "2025.05.19"]
[Round "5.3"]
[White "Doknjas, John"]
[Black "Leong, Ryan"]
[Result "1-0"]
[WhiteElo "2421"]
[BlackElo "2179"]
[WhiteFideId "-1"]
[WhiteFideId "-1"]
[PlyCount "111"]
[GameId "2184628932720315"]
[EventDate "2025.05.17"]
[EventType "swiss"]
[EventRounds "6"]
[EventCountry "CAN"]

1. e4 c5 2. Nf3 d6 3. d4 cxd4 4. Nxd4 Nf6 5. Nc3 a6 6. f3 e5 7. Nb3 Be6 8. Be3 Be7 9. Qd2 Nbd7 10. g4 b5 11. g5 b4 12. Ne2 Nh5 13. Ng3 Nf4 14. h4 Qc7 15. Bxf4 exf4 16. Nh5 O-O 17. Nxf4 Ne5 18. Be2 Rfc8 19. Nd4 Bc4 20. Nf5 Bf8 21. Ne3 d5 22. Nfxd5 Bxd5 23. Nxd5 Qc5 24. O-O-O a5 25. Kb1 a4 26. Rc1 Qa7 27. c3 bxc3 28. Rxc3 Rd8 29. h5 Bb4 30. f4 Nc6 31. h6 Bxc3 32. Qxc3 Qd4 33. Qxd4 Nxd4 34. Bc4 Ne6 35. Rg1 Rab8 36. Ne7+ Kf8 37. Nc6 gxh6 38. Bxe6 fxe6 39. gxh6 Rbc8 40. Nxd8 Rxd8 41. Kc2 Rd4 42. Re1 Kf7 43. Kc3 Rd7 44. Rg1 Kf6 45. Rg7 Rd1 46. Rxh7 Rf1 47. e5+ Kg6 48. Re7 Rf3+ 49. Kd2 Rxf4 50. Rxe6+ Kh7 51. Kc3 Rf3+ 52. Kb4 Rf4+ 53. Ka3 Re4 54. Ra6 Rxe5 55. Kxa4 Re2 56. Ka3 1-0

[Event "Paul Keres mem. (49th)"]
[Site "Langley CAN"]
[Date "2025.05.19"]
[Round "5.4"]
[White "Wang, Ted"]
[Black "Morozov, Grigorii"]
[Result "1/2-1/2"]
[WhiteElo "2173"]
[BlackElo "2407"]
[WhiteFideId "-1"]
[WhiteFideId "-1"]
[PlyCount "129"]
[GameId "2184628932720316"]
[EventDate "2025.05.17"]
[EventType "swiss"]
[EventRounds "6"]
[EventCountry "CAN"]

1. e4 e6 2. d4 d5 3. Nc3 Bb4 4. e5 Qd7 5. h4 b6 6. h5 h6 7. Qg4 Bf8 8. b4 f5 9. Qg6+ Qf7 10. Qxf7+ Kxf7 11. a3 c5 12. Nf3 Nc6 13. Nb5 cxd4 14. Nbxd4 Nxd4 15. Nxd4 Ne7 16. Rh3 g5 17. hxg6+ Nxg6 18. f4 h5 19. Bd3 h4 20. Be3 Bh6 21. Rf3 Bd7 22. Ke2 Rac8 23. Bd2 Rhg8 24. Be3 Rc3 25. a4 Ne7 26. Kf2 Rc7 27. Rh3 Ng6 28. Kf3 Bf8 29. Bd2 Be7 30. g3 Rg7 31. a5 bxa5 32. Rxa5 Rb7 33. c3 hxg3 34. Rxg3 Rh7 35. Kg2 Bd8 36. Ra6 Bb6 37. Ra1 Rb8 38. Rh1 Rxh1 39. Kxh1 Rh8+ 40. Kg2 Rh4 41. Ne2 Bc6 42. Rh3 d4+ 43. Kh2 dxc3 44. Bxc3 Rg4 45. Rg3 Bf2 46. Rxg4 fxg4 47. Bd2 Nh4 48. Bc3 Bd5 49. Bb1 Nf5 50. Bxf5 exf5 51. Ng3 Ke6 52. Nh5 Be4 53. Ng3 Bd5 54. Nh5 Kf7 55. Bd2 Kg6 56. Ng3 Bf3 57. Nf1 Bb7 58. Ng3 Bc6 59. Nf1 Kf7 60. Ng3 Ke6 61. Nh5 Be4 62. Ng3 Bd3 63. Kg2 Bd4 64. Nh5 Kd5 65. Kg3 1/2-1/2

[Event "Paul Keres mem. (49th)"]
[Site "Langley CAN"]
[Date "2025.05.19"]
[Round "5.6"]
[White "Yao, Lucas"]
[Black "Gao, Justin"]
[Result "0-1"]
[WhiteElo "2115"]
[BlackElo "2151"]
[WhiteFideId "-1"]
[WhiteFideId "-1"]
[PlyCount "180"]
[GameId "2184628932720317"]
[EventDate "2025.05.17"]
[EventType "swiss"]
[EventRounds "6"]
[EventCountry "CAN"]

{[%evp 0,180,25,16,71,35,60,38,28,35,35,-1,17,13,22,21,21,-42,-27,-99,-105,-93,-107,-109,-109,-99,-60,-100,-84,-48,-76,-90,-38,-38,-50,-67,-68,-51,-54,-53,-11,-32,-37,-33,-24,-29,-15,-15,-19,-64,-33,-77,0,0,9,11,28,15,23,0,27,21,18,20,37,-46,-55,-66,0,0,0,0,0,0,0,0,0,0,25,0,12,0,0,26,19,19,0,0,2,0,0,0,0,0,0,-84,-31,-93,-85,-115,-85,-141,-130,-148,-203,-256,-255,-251,-253,-253,-253,-253,-253,-253,-253,-253,-253,-253,-253,-253,-253,-254,-254,-253,-253,-253,-253,-253,-127,-287,-329,-346,-351,-351,-373,-384,-389,-398,-343,-354,-378,-387,-420,-443,-403,-451,-482,-488,-510,-505,-489,-466,-515,-505,-673,-982,-992,-992,-1002,-1002,-1002,-1012,-1022,-1022,-1032,-1457,-1032,-1904,-28762,-29975,-29982,-29983,-29984,-29985,-29986,-29993,-29994,-29995,-29996,-29997,-29998,-29999,-29999]} 1. e4 c5 2. Nf3 e6 3. d4 cxd4 4. Nxd4 Nc6 5. c4 Nf6 6. Nc3 Bb4 7. Nxc6 bxc6 8. e5 Ne4 9. Qd4 Qa5 10. Bd2 Nxd2 11. Kxd2 Rb8 12. Kc2 O-O 13. Bd3 d5 14. a3 dxc4 15. Qxc4 Bxc3 16. Qxc3 Qb6 17. Rhf1 c5 18. Rad1 Rd8 19. Be4 Bd7 20. Kc1 Ba4 21. Rxd8+ Rxd8 22. Bc2 Qb5 23. Re1 Bxc2 24. Kxc2 c4 25. f3 a5 26. Re4 Qa4+ 27. Kb1 Rc8 28. Rd4 h6 29. f4 Qb5 30. Ka2 a4 31. Qb4 Qc6 32. g4 Qg2 33. Qc3 Qe2 34. h3 Rb8 35. Rd2 Qf1 36. Rd4 Qe2 37. Rd2 Qf1 38. Rd4 Rc8 39. h4 Qh1 40. g5 hxg5 41. hxg5 g6 42. Rd6 Qe4 43. Rd4 Qe2 44. Rd2 {White offered a draw.} Qf1 45. Rd4 Kg7 46. Qb4 c3 47. bxc3 Rh8 48. Qb2 Qg1 49. Rd2 Rh1 50. Rf2 Qd1 51. Rd2 Qf1 52. Rd4 Rg1 53. Rxa4 Rg2 54. Rb4 Rxb2+ 55. Kxb2 Qe2+ 56. Kb3 Qd1+ 57. Kb2 Qd5 58. Rd4 Qb7+ 59. Rb4 Qc7 60. Kb3 Kf8 61. Rc4 Qb7+ 62. Rb4 Qd5+ 63. Kb2 f6 64. exf6 e5 65. fxe5 Qxe5 66. a4 Qxg5 67. Kb3 Qxf6 68. a5 Qe6+ 69. c4 Qe3+ 70. Ka4 g5 71. a6 Qa7 72. Kb5 g4 73. c5 g3 74. c6 Ke7 75. Rg4 Qb8+ 76. Ka5 Ke6 77. Rb4 Qc7+ 78. Kb5 Kd5 79. Rg4 Qxc6+ 80. Ka5 Qc7+ 81. Kb4 Qb6+ 82. Kc3 Qxa6 83. Kd2 g2 84. Rg5+ Ke4 85. Rg4+ Kf3 86. Rxg2 Kxg2 87. Ke3 Qc4 88. Kd2 Kf3 89. Kd1 Ke3 90. Ke1 Qc1# 0-1

[Event "Paul Keres mem. (49th)"]
[Site "Langley CAN"]
[Date "2025.05.19"]
[Round "5.7"]
[White "McLaren, Brian"]
[Black "Taylor, Tristan"]
[Result "1/2-1/2"]
[WhiteElo "2025"]
[BlackElo "2112"]
[WhiteFideId "-1"]
[WhiteFideId "-1"]
[PlyCount "77"]
[GameId "2184628932720318"]
[EventDate "2025.05.17"]
[EventType "swiss"]
[EventRounds "6"]
[EventCountry "CAN"]

1. e4 e6 2. d3 d5 3. Nd2 Nf6 4. Ngf3 Nc6 5. c3 a5 6. e5 Nd7 7. d4 f6 8. exf6 Qxf6 9. Bb5 Be7 10. O-O O-O 11. Qe2 Nb6 12. Re1 Nd8 13. Ne5 c6 14. Bd3 Nd7 15. Ndf3 Nxe5 16. Nxe5 Bd6 17. f4 Nf7 18. Bd2 Nh6 19. g3 c5 20. Be3 Nf5 21. Bxf5 Qxf5 22. dxc5 Bxe5 23. fxe5 Qxe5 24. Bd4 Qxe2 25. Rxe2 Bd7 26. Kg2 Rf5 27. b3 Re8 28. Rae1 Kf7 29. h3 h5 30. Re5 Bb5 31. g4 hxg4 32. hxg4 Rxe5 33. Bxe5 a4 34. Kf3 axb3 35. axb3 Bd3 36. Ke3 Bc2 37. Ra1 Bxb3 38. Rb1 d4+ 39. cxd4 1/2-1/2

[Event "Paul Keres mem. (49th)"]
[Site "Langley CAN"]
[Date "2025.05.19"]
[Round "5.8"]
[White "Wu, Nathan"]
[Black "Darvekar, Yash"]
[Result "1-0"]
[WhiteElo "2108"]
[BlackElo "2030"]
[WhiteFideId "-1"]
[WhiteFideId "-1"]
[PlyCount "61"]
[GameId "2184628932720319"]
[EventDate "2025.05.17"]
[EventType "swiss"]
[EventRounds "6"]
[EventCountry "CAN"]

1. d4 d5 2. Bf4 Nf6 3. e3 c5 4. dxc5 e6 5. b4 a5 6. c3 Bd7 7. Nd2 b6 8. cxb6 axb4 9. cxb4 Qxb6 10. a3 Ne4 11. Ngf3 Nc6 12. Bd3 g5 13. Bxg5 Nxd2 14. Nxd2 Bg7 15. O-O Nxb4 16. Qb3 Bxa1 17. Rxa1 Qa5 18. Bf6 Nxd3 19. Qxd3 Rf8 20. e4 Rg8 21. Nc4 Qa6 22. exd5 Bb5 23. Qxh7 Rg6 24. Qh8+ Kd7 25. Qxa8 Qxa8 26. Nb6+ Kd6 27. Nxa8 Rxf6 28. a4 Ba6 29. dxe6 Rxe6 30. Rb1 Kd5 31. Nc7+ 1-0

[Event "Paul Keres mem. (49th)"]
[Site "Langley CAN"]
[Date "2025.05.19"]
[Round "5.10"]
[White "Yang, Henry"]
[Black "Mingrone, Peter"]
[Result "1/2-1/2"]
[WhiteElo "2008"]
[BlackElo "1930"]
[WhiteFideId "-1"]
[WhiteFideId "-1"]
[PlyCount "169"]
[GameId "2184628932720320"]
[EventDate "2025.05.17"]
[EventType "swiss"]
[EventRounds "6"]
[EventCountry "CAN"]

1. d4 Nf6 2. Bg5 g6 3. Bxf6 exf6 4. g3 d5 5. Bg2 c6 6. e3 Bd6 7. Ne2 Nd7 8. Nd2 f5 9. a3 Qe7 10. c4 dxc4 11. Nxc4 Bc7 12. Nc3 Nf6 13. Qc2 O-O 14. O-O Rd8 15. b4 Bd7 16. Nd2 Rac8 17. Nb3 b6 18. Rfd1 Be8 19. Rac1 Qe6 20. Nd2 Bd6 21. Bf1 Bf8 22. Bc4 Qe7 23. Nf3 Kg7 24. Qb3 Qb7 25. Be2 Qe7 26. Ba6 Rb8 27. Bf1 Qb7 28. Bg2 Qe7 29. d5 cxd5 30. Nxd5 Nxd5 31. Rxd5 Rxd5 32. Qxd5 Rd8 33. Qb3 Kg8 34. Nd4 Qd6 35. Nc6 Qd2 36. Rf1 Rd7 37. Nd4 Rc7 38. Bd5 Bg7 39. Nf3 Qb2 40. Qd3 Qc3 41. Qa6 h6 42. h4 Bf6 43. Kg2 Bc6 44. Bxc6 Qxc6 45. Qd3 Rd7 46. Qe2 Kg7 47. Kg1 Qc3 48. Qa6 Qd3 49. Qa4 Qd5 50. Nh2 a5 51. Rc1 axb4 52. Qxb4 Qd6 53. Qxd6 Rxd6 54. a4 Rd5 55. Rb1 Ra5 56. Rxb6 Rxa4 57. Kg2 Ra2 58. Nf3 Rc2 59. Rd6 Ra2 60. Rd2 Rxd2 61. Nxd2 h5 62. Nf3 Kf8 63. Kf1 Ke7 64. Ke2 Ke6 65. Kd3 Kd5 66. Nd4 Be5 67. Ne2 Bg7 68. Nf4+ Ke5 69. Nh3 Bf6 70. Ng1 Kd5 71. Nf3 Be7 72. Nd2 Bc5 73. Nf3 Be7 74. Ne1 Bc5 75. Nc2 Bd6 76. Nd4 Be5 77. Ne2 Bg7 78. Ng1 Be5 79. Nf3 Bf6 80. Nd2 Be5 81. Ke2 Bc3 82. Nf3 Bf6 83. Kd3 Be7 84. Nd2 Bc5 85. Nf3 1/2-1/2

[Event "Paul Keres mem. (49th)"]
[Site "Langley CAN"]
[Date "2025.05.19"]
[Round "6.3"]
[White "Morozov, Grigorii"]
[Black "Xu, Justin"]
[Result "1-0"]
[WhiteElo "2407"]
[BlackElo "2237"]
[WhiteFideId "-1"]
[WhiteFideId "-1"]
[PlyCount "123"]
[GameId "2184628932720321"]
[EventDate "2025.05.17"]
[EventType "swiss"]
[EventRounds "6"]
[EventCountry "CAN"]

{[%evp 0,111,25,19,19,-9,3,6,6,6,26,25,44,50,44,50,39,37,37,32,71,69,82,78,77,89,83,93,79,84,89,75,59,62,56,73,75,72,78,57,30,39,56,39,35,16,56,62,88,84,210,92,78,83,154,56,178,217,412,403,426,430,433,383,389,410,414,408,437,397,497,480,480,437,411,343,349,351,355,359,384,355,396,355,382,377,472,469,502,512,512,512,512,512,512,516,593,516,579,478,609,639,676,685,764,794,804,988,1032,1339,1746,2096,1285,1957]} 1. d4 Nf6 2. c4 e6 3. Nf3 d5 4. Nc3 Be7 5. Bg5 dxc4 6. e3 a6 7. Bxc4 b5 8. Bd3 Bb7 9. Bxf6 Bxf6 10. Be4 Bxe4 11. Nxe4 Nd7 12. Qc2 O-O 13. O-O Be7 14. a4 b4 15. a5 c5 16. Nxc5 Qc7 17. Rfc1 Rfc8 18. Qe4 Bxc5 19. dxc5 Nxc5 20. Qxb4 Rab8 21. Qh4 Qb7 22. b4 Nb3 23. Rxc8+ Qxc8 24. Rd1 Qf8 25. Qc4 Rxb4 26. Qxa6 h6 27. h3 Nc5 28. Qc6 Ra4 29. Qc7 Nb7 30. Qxb7 Rxa5 31. Qc7 Ra8 32. Ne5 Rc8 33. Qd7 Rc5 34. Nc6 Kh7 35. Nd8 Rf5 36. e4 Rf4 37. Qd6 Qxd6 38. Rxd6 Rxe4 39. Nxf7 Kg6 40. Nd8 Kf5 41. g3 h5 42. h4 g5 43. hxg5 h4 44. gxh4 Rg4+ 45. Kf1 Rxh4 46. Nxe6 Rb4 47. Kg2 Rb2 48. Rc6 Ra2 49. Rc2 Ra8 50. Re2 Ra3 51. f4 Rc3 52. Re5+ Kg6 53. f5+ Kh5 54. g6 Kh6 55. Re4 Rc2+ 56. Kf3 Rc3+ 57. Kf4 Rc1 58. Ke5 Rh1 59. Kf6 Kh5 60. Rb4 Rh2 61. Ng7+ Kh6 62. Rb8 1-0

[Event "Paul Keres mem. (49th)"]
[Site "Langley CAN"]
[Date "2025.05.19"]
[Round "6.4"]
[White "Gao, Justin"]
[Black "Aljo, Johan"]
[Result "1-0"]
[WhiteElo "2151"]
[BlackElo "2240"]
[WhiteFideId "-1"]
[WhiteFideId "-1"]
[PlyCount "99"]
[GameId "2184628932720322"]
[EventDate "2025.05.17"]
[EventType "swiss"]
[EventRounds "6"]
[EventCountry "CAN"]

1. e4 c5 2. Nf3 d6 3. d4 cxd4 4. Nxd4 Nf6 5. Nc3 Nc6 6. Be2 e5 7. Nf3 Be7 8. Bg5 Be6 9. O-O O-O 10. Bxf6 Bxf6 11. Nd5 Be7 12. c3 Qd7 13. Qd2 h6 14. Rfd1 Rfd8 15. Bb5 Bf8 16. Qe3 Qc8 17. Bc4 Ne7 18. b3 Kh8 19. Rd2 f5 20. Nxe7 Bxe7 21. Bxe6 Qxe6 22. exf5 Qxf5 23. c4 e4 24. Rd5 Qf6 25. Nd4 Qg6 26. Re1 Bf6 27. Ne6 Rd7 28. Nc5 Re7 29. Nxe4 Rae8 30. f3 Be5 31. Red1 Qh5 32. h3 Qf7 33. Qd2 Bf4 34. Qd3 Qg6 35. Rf1 b6 36. Nxd6 Qg3 37. Ne4 Qh2+ 38. Kf2 Rxe4 39. fxe4 Bg5 40. Qg3 Qxg3+ 41. Kxg3 Rxe4 42. Rf8+ Kh7 43. Rd7 Kg6 44. Rxa7 Bf6 45. Rb7 Bd4 46. Rf3 Re2 47. Rd3 Bf2+ 48. Kf3 Rxa2 49. Rd6+ Kh7 50. Rdd7 1-0

[Event "Paul Keres mem. (49th)"]
[Site "Langley CAN"]
[Date "2025.05.19"]
[Round "6.5"]
[White "Taylor, Ashton"]
[Black "Wang, Ted"]
[Result "0-1"]
[WhiteElo "2091"]
[BlackElo "2173"]
[WhiteFideId "-1"]
[WhiteFideId "-1"]
[PlyCount "68"]
[GameId "2184628932720323"]
[EventDate "2025.05.17"]
[EventType "swiss"]
[EventRounds "6"]
[EventCountry "CAN"]

1. d4 Nf6 2. c4 g6 3. Nc3 Bg7 4. e4 d6 5. h3 O-O 6. Be3 e5 7. d5 Na6 8. g4 Nc5 9. f3 a5 10. Nge2 c6 11. Qd2 a4 12. dxc6 bxc6 13. Rd1 Ne6 14. Qxd6 Qe8 15. Qd2 Ba6 16. Ng3 Nd4 17. Bxd4 exd4 18. Nxa4 Nd7 19. b3 Ne5 20. Qf2 Qb8 21. f4 Qb4+ 22. Rd2 Nxc4 23. Bxc4 Bxc4 24. bxc4 Rxa4 25. O-O Qxc4 26. e5 Qd5 27. Qg2 Qxg2+ 28. Kxg2 Rfa8 29. a3 Bf8 30. Rc1 c5 31. Ne4 Rxa3 32. Nxc5 Rc8 33. Nb3 Rc3 34. Rxd4 Ra2+ 0-1

[Event "Paul Keres mem. (49th)"]
[Site "Langley CAN"]
[Date "2025.05.19"]
[Round "6.7"]
[White "Bao, Zhengheng"]
[Black "Yao, Lucas"]
[Result "0-1"]
[WhiteElo "1823"]
[BlackElo "2115"]
[WhiteFideId "-1"]
[WhiteFideId "-1"]
[PlyCount "112"]
[GameId "2184628932720324"]
[EventDate "2025.05.17"]
[EventType "swiss"]
[EventRounds "6"]
[EventCountry "CAN"]

1. e4 e5 2. Nf3 Nc6 3. Bc4 Bc5 4. d3 Nf6 5. Nc3 h6 6. h3 d6 7. Na4 Bb6 8. Nxb6 axb6 9. a3 Be6 10. Bb5 O-O 11. O-O Na7 12. Ba4 b5 13. Bb3 Bxb3 14. cxb3 Nc6 15. Re1 Re8 16. Bd2 Qd7 17. b4 Rad8 18. Qc2 Re6 19. a4 bxa4 20. Rxa4 d5 21. b5 Ne7 22. Ra7 Qxb5 23. Qxc7 Rd7 24. Qb8+ Kh7 25. Ra8 Ng6 26. Rc1 Re8 27. Rc8 Rde7 28. Ra5 Qxd3 29. Rxe8 Rxe8 30. Qxb7 dxe4 31. Ra3 Qd8 32. Ba5 Qb8 33. Qxf7 exf3 34. Rxf3 Re7 35. Qa2 Ra7 36. Ra3 Qb5 37. Bc3 Rxa3 38. Qxa3 Ne4 39. Be1 Qe2 40. Qe3 Qxe3 41. fxe3 Ne7 42. Kf1 Nc6 43. Ke2 Kg6 44. Kd3 Nd6 45. h4 h5 46. g3 Kf5 47. Bf2 e4+ 48. Kc3 Kg4 49. Kd2 Kf3 50. Be1 Nc4+ 51. Kc3 Nxe3 52. Bd2 Nf1 53. Bg5 e3 54. Bxe3 Kxe3 55. Kc4 Nxg3 56. Kc5 Nd4 0-1

[Event "Paul Keres mem. (49th)"]
[Site "Langley CAN"]
[Date "2025.05.19"]
[Round "6.10"]
[White "Mingrone, Peter"]
[Black "McCallum, Elliot"]
[Result "1/2-1/2"]
[WhiteElo "1930"]
[BlackElo "2032"]
[WhiteFideId "-1"]
[WhiteFideId "-1"]
[PlyCount "117"]
[GameId "2184628932769477"]
[EventDate "2025.05.17"]
[EventType "swiss"]
[EventRounds "6"]
[EventCountry "CAN"]

{[%evp 0,45,25,27,31,46,35,45,60,38,40,35,86,65,65,28,8,-11,-14,-43,-39,-43,-37,-42,-36,-44,-44,-51,-58,-54,-21,-46,-35,-48,-42,-57,-59,-106,-76,-89,-73,-108,-99,-85,32,-7,39,35]} 1. e4 c5 2. Nf3 Nc6 3. Bb5 g6 4. O-O Bg7 5. d3 e6 6. Bxc6 bxc6 7. e5 f6 8. exf6 Nxf6 9. c4 O-O 10. Nc3 d6 11. h3 e5 12. Bg5 Qc7 13. Bxf6 Rxf6 14. Ng5 Bf5 15. Nge4 Rff8 16. Qd2 Rad8 17. Qe2 Qe7 18. Ng3 Be6 19. Rab1 Rf4 20. b4 cxb4 21. Rxb4 d5 22. Rfb1 e4 23. Qd2 Qf8 24. cxd5 cxd5 25. d4 Bh6 26. Nd1 Rf3 27. Qe2 Rd3 28. Ne3 Qd6 29. Ngf1 Bg7 30. Qb2 a5 31. Rb6 Qd7 32. Rb7 Qe8 33. Nc2 Bd7 34. Rb3 Rxb3 35. Qxb3 Ba4 36. Qb2 Bxc2 37. Qxc2 Bxd4 38. Qd2 Qe5 39. Qxa5 Rf8 40. Ne3 Bxe3 41. fxe3 Qg5 42. Qd2 Rf3 43. Rd1 Rxh3 44. Qxd5+ Qxd5 45. Rxd5 Rxe3 46. Re5 Ra3 47. Rxe4 Rxa2 48. Re7 Ra5 49. Kh2 Rf5 50. Kg3 Rf7 51. Re4 Kg7 52. Ra4 Kh6 53. Ra5 Rf5 54. Rxf5 gxf5 55. Kf4 Kg6 56. g4 fxg4 57. Kxg4 h5+ 58. Kh4 Kh6 59. Kh3 1/2-1/2